International conference on renewable energy clean power 2001 : Konf. London, UK, 17.- 19. Nov. 1993

Na minha lista:
Detalhes bibliográficos
Formato: Livro
Idioma:inglês
Publicado em: London : Institution of Electrical Engineers, 1993
Colecção:Conference publication 385
Assuntos:
Tags: Adicionar Tag
Sem tags, seja o primeiro a adicionar uma tag!

MARC

LEADER 00000nam a22000003a 4500
001 stu10189
005 20150408181841.1
008 971027s1993----uk------------------eng-d
020 |a 0-85296-605-9 
040 |a STU  |b slo 
041 0 |a eng 
044 |a uk 
080 |a 620.92 
080 |a 061.3(08) 
084 |a A8610  |2 INS 
084 |a B8210  |2 INS 
084 |a B8230J  |2 INS 
084 |a B8240B  |2 INS 
084 |a B8240C  |2 INS 
084 |a B8250  |2 INS 
084 |a B8260  |2 INS  |7 stu_us_auth*stu6754 
245 |a International conference on renewable energy clean power 2001 :  |b Konf. London, UK, 17.- 19. Nov. 1993 
260 |a London :  |b Institution of Electrical Engineers,  |c 1993 
650 7 |a prírodné zdroje energie  |2 stusub 
650 7 |a biomasy  |2 stusub 
650 7 |a slnečná energia  |2 stusub 
650 7 |a solárna technika  |2 stusub 
650 7 |a veterná energia  |2 stusub 
650 7 |a prílivová energia  |2 stusub 
830 0 |a Conference publication  |v 385 
996 |b EIEE-79  |c E*IEE-79  |l EE01  |s A  |a 24  |w stu10189_0001